Online
Catalog

Manual europeo de revisión contable / (Record no. 24211)

MARC details
000 -CABECERA
campo de control de longitud fija 00867nam a2200229 a 4500
001 - NÚMERO DE CONTROL
campo de control 000024718
005 - FECHA Y HORA DE LA ÚLTIMA TRANSACCIÓN
campo de control 20200930023328.0
008 - DATOS DE LONGITUD FIJA--INFORMACIÓN GENERAL
campo de control de longitud fija 110202s1967 sp d r 000 0 spa d
040 ## - FUENTE DE LA CATALOGACIÓN
Centro catalogador/agencia de origen DO-SdBNP
Lengua de catalogación spa
Centro/agencia transcriptor BNPHU
082 ## - NÚMERO DE LA CLASIFICACIÓN DECIMAL DEWEY
Número de clasificación xxxxx
049 ## - FONDOS LOCALES (OCLC)
Fondos de biblioteca BNGR
110 1# - ENTRADA PRINCIPAL--NOMBRE DE ENTIDAD CORPORATIVA
Nombre de entidad corporativa o nombre de jurisdicción como elemento de entrada Unión Europénne des Experts Comptables, Economiques et Financiers
9 (RLIN) 50712
245 10 - MENCIÓN DE TÍTULO
Título Manual europeo de revisión contable /
Mención de responsabilidad, etc. traducción Francisco Queréndez.
250 ## - MENCIÓN DE EDICIÓN
Mención de edición 2a ed.
260 ## - PUBLICACIÓN, DISTRIBUCIÓN, ETC.
Lugar de publicación, distribución, etc. Bilbao, España :
Nombre del editor, distribuidor, etc. Deusto,
Fecha de publicación, distribución, etc. 1967.
300 ## - DESCRIPCIÓN FÍSICA
Extensión 213 p. :
Otras características físicas diagrs. ;
Dimensiones 24.5 cm.
490 1# - MENCIÓN DE SERIE
Mención de serie Clásicos de Gestión
500 ## - NOTA GENERAL
Nota general Incluye notas al pie de las páginas.
534 ## - NOTA SOBRE LA VERSIÓN ORIGINAL
Frase introductoria Título original :
Mención de título del original Manuel de revisión comptable de la Union Européenne des Experts Comptables Economiques et Financiers.
700 1# - PUNTO DE ACCESO ADICIONAL--NOMBRE DE PERSONA
Nombre de persona Queréndez, Francisco,
Término indicativo de función/relación tr.
9 (RLIN) 50713
830 #0 - PUNTO DE ACCESO ADICIONAL DE SERIE-TÍTULO UNIFORME
Título uniforme Clásicos de Gestión
9 (RLIN) 46648
Holdings
Estado de retiro Estado de pérdida Restricciones de uso No para préstamo Código de colección Localización permanente Ubicación/localización actual Ubicación en estantería Fecha de adquisición Número de inventario Total de préstamos Signatura topográfica completa Código de barras Fecha visto por última vez Precio válido a partir de Tipo de ítem Koha
        Monografías: Libros y Folletos General General En catalogación 02.02.2011 LF1   xxxxx 24718-10 25.06.2020 25.06.2020 Préstamo en sala

Powered by Koha